Кадровая политика в условиях перестройки

Bibliografiske detaljer
Hovedforfatter: Тиковенко А. Г. Анатолий Герасимович
Institution som forfatter: Академия наук Белорусской ССР (АН БССР) Институт философии и права
Andre forfattere: Шабайлов В. И. (редактор)
Summary:Исключено из фонда НТБ ТПУ
Sprog:russisk
Udgivet: Минск, Навука i тэхнiка, 1990
Format: MixedMaterials Bog
KOHA link:https://koha.lib.tpu.ru/cgi-bin/koha/opac-detail.pl?biblionumber=159990

MARC

LEADER 00000nam0a2200000 4500
001 159990
005 20231031155420.0
010 |a 5343001734 
035 |a (RuTPU)RU\TPU\book\173510 
090 |a 159990 
100 |a 20090516d1990 m y0rusy50 ca 
101 0 |a rus 
102 |a BY 
105 |a y z 001zy 
200 1 |a Кадровая политика в условиях перестройки  |f А. Г. Тиковенко  |g Академия наук Белорусской ССР (АН БССР), Институт философии и права ; под ред. В. И. Шабайлова 
210 |a Минск  |c Навука i тэхнiка  |d 1990 
215 |a 94 с. 
333 |a Исключено из фонда НТБ ТПУ 
700 1 |a Тиковенко  |b А. Г.  |g Анатолий Герасимович 
702 1 |a Шабайлов  |b В. И.  |4 340 
712 0 2 |a Академия наук Белорусской ССР (АН БССР)  |b Институт философии и права 
801 1 |a RU  |b 63413507  |c 20090516  |g PSBO 
801 2 |a RU  |b 63413507  |c 20220408  |g RCR 
942 |c BK